000 00519nam a2200181 4500
001 143957
003 ES-MaACL
005 20230906200920.0
007 t|
008 070214s1920 xxk r ||||1| eng d
100 1 _aShipley, Arthur Everett.
_9106129
245 1 0 _aZoology /
_cby Sir Arthur Everett Shipley, E. W. Mac Bride.
250 _a4ยช. ed.
260 _aCambridge :
_bUniversity Press,
_c1920.
300 _aXX, 752 p. :
_bil. ;
_c22 cm.
700 1 _aMac Bride, E. W.
_975002
852 _aES-MaACL
_jF-4066
999 _c143957
_d143957